Detalles MARC
| 000 -CABECERA |
| campo de control de longitud fija |
01036nam a22002657a 4500 |
| 003 - IDENTIFICADOR DEL NÚMERO DE CONTROL |
| campo de control |
DO-SdBNP |
| 005 - FECHA Y HORA DE LA ÚLTIMA TRANSACCIÓN |
| campo de control |
20220310101758.0 |
| 007 - CAMPO FIJO DE DESCRIPCIÓN FÍSICA--INFORMACIÓN GENERAL |
| campo de control de longitud fija |
ta |
| 008 - DATOS DE LONGITUD FIJA--INFORMACIÓN GENERAL |
| campo de control de longitud fija |
211111b2020 dr a|||| |||| 00| 0 spa d |
| 020 ## - NÚMERO INTERNACIONAL ESTÁNDAR DEL LIBRO |
| Número Internacional Estándar del Libro |
9789945924602 |
| 040 ## - FUENTE DE LA CATALOGACIÓN |
| Centro catalogador/agencia de origen |
DO-SdBNP |
| Lengua de catalogación |
spa |
| Centro/agencia transcriptor |
BNPHU |
| 082 #4 - NÚMERO DE LA CLASIFICACIÓN DECIMAL DEWEY |
| Número de clasificación |
791.43097293 |
| Número de documento/Ítem |
L865a |
| Número de edición |
22 |
| 100 1# - ENTRADA PRINCIPAL--NOMBRE DE PERSONA |
| 9 (RLIN) |
80598 |
| Nombre de persona |
Lora, Félix Manuel |
| 245 10 - MENCIÓN DE TÍTULO |
| Título |
Antología de largometrajes dominicanos 1963-2019 / |
| Mención de responsabilidad, etc. |
Félix Manuel Lora ; prólogo Yvette Marichal. |
| 260 ## - PUBLICACIÓN, DISTRIBUCIÓN, ETC. |
| Lugar de publicación, distribución, etc. |
Santo Domingo : |
| Nombre del editor, distribuidor, etc. |
DGCINE, |
| Fecha de publicación, distribución, etc. |
2020. |
| 300 ## - DESCRIPCIÓN FÍSICA |
| Extensión |
289 p. : |
| Otras características físicas |
il. ; |
| Dimensiones |
26 cm. |
| 590 ## - NOTA LOCAL (RLIN) |
| Nota local |
Inventarido, 2021/BT |
| 650 14 - PUNTO DE ACCESO ADICIONAL DE MATERIA--TÉRMINO DE MATERIA |
| Término de materia o nombre geográfico como elemento de entrada |
Cinematografía |
| Subdivisión geográfica |
República Dominicana |
| 9 (RLIN) |
81254 |
| Subdivisión general |
Historia |
| Subdivisión cronológica |
1963-2019 |
| 650 14 - PUNTO DE ACCESO ADICIONAL DE MATERIA--TÉRMINO DE MATERIA |
| Término de materia o nombre geográfico como elemento de entrada |
Cine |
| Subdivisión geográfica |
República Dominicana |
| Subdivisión general |
Historia |
| Subdivisión cronológica |
1963-2019 |
| 9 (RLIN) |
81285 |
| 650 14 - PUNTO DE ACCESO ADICIONAL DE MATERIA--TÉRMINO DE MATERIA |
| Término de materia o nombre geográfico como elemento de entrada |
Largometrajes |
| Subdivisión geográfica |
República Dominicana |
| 9 (RLIN) |
81255 |
| Subdivisión general |
Historia |
| Subdivisión cronológica |
1963-2019 |
| 650 14 - PUNTO DE ACCESO ADICIONAL DE MATERIA--TÉRMINO DE MATERIA |
| Término de materia o nombre geográfico como elemento de entrada |
Películas cinematográficas |
| Subdivisión geográfica |
República Dominicana |
| Subdivisión general |
1963-2019 |
| Subdivisión de forma |
Colecciones |
| 9 (RLIN) |
81283 |
| 700 1# - PUNTO DE ACCESO ADICIONAL--NOMBRE DE PERSONA |
| Nombre de persona |
Marichal, Yvette, |
| Término indicativo de función/relación |
pról. |
| 9 (RLIN) |
80599 |
| 910 ## - DATOS DE OPCIÓN DEL USUARIO (OCLC) |
| Datos de opción del usuario |
Btavárez/ Validado. Control de calidad. MAA |
| 942 ## - ELEMENTOS DE PUNTO DE ACCESO ADICIONAL (KOHA) |
| Fuente del sistema de clasificación o colocación |
Dewey Decimal Classification |
| Tipo de ítem Koha |
Libro |